|
|
|
|
| LEADER |
00000nab a2200000 a 4500 |
| 001 |
vtls000183900 |
| 003 |
SK-MaSNL |
| 005 |
20260303205701.0 |
| 008 |
111106c1984 xo 0 slo |
| 015 |
|
|
|a SNBRB19rr/mm-uuuuu
|
| 035 |
|
|
|a CL0194013
|
| 040 |
|
|
|a SNKBUCL
|b slo
|c SNKBUCL
|e AACR2
|
| 041 |
0 |
|
|a slo
|
| 044 |
|
|
|a xo
|c SK
|
| 080 |
|
|
|a 82:7.097
|2 1981
|
| 080 |
|
|
|a 7.097
|2 1981
|
| 080 |
|
|
|a 885.4
|2 1981
|
| 100 |
1 |
|
|a Seilerová, Elena,
|d 1951-
|4 aut
|9 215205
|
| 245 |
1 |
0 |
|a Dnes máš službu ty!
|b Obrázok zo života vysokoškolákov manželov prináša hra Dekanský termín
|c Elena Seilerová ; Eduard Hollý
|
| 610 |
2 |
7 |
|a Československá televízia
|2 snkbucl
|9 215938
|
| 650 |
0 |
7 |
|a Krajčovič, Martin
|2 snkbucl
|9 1240584
|
| 650 |
0 |
7 |
|a hry televízne
|2 snkbucl
|9 921812
|
| 655 |
|
7 |
|a články z novín a časopisov
|2 snkbucl
|9 267496
|
| 655 |
|
7 |
|a články z odboru literárna veda a krásna literatúra
|2 snkbucl
|9 770045
|
| 700 |
1 |
|
|a Hollý, Eduard
|4 gup
|9 725951
|
| 773 |
0 |
|
|t Televízia
|g Roč. 19, č. 21 (1984), s. 24
|
| 850 |
|
|
|a Slovenská národná knižnica v Martine
|a MTA001
|
| 852 |
|
|
|a SNK
|b KIS3GCP
|
| 958 |
|
|
|a RK
|
| 958 |
|
|
|a LX
|
| 992 |
|
|
|a RBX
|
| 999 |
|
|
|c 2196601
|d 2198531
|